000 00355nam a2200145Ia 4500
008 230917s9999||||xx |||||||||||||| ||und||
040 _e158892
_aMAIN
041 _aEnglish
082 _a346.022 K143S
100 _aKapoor, Shyam Kishore
245 0 _aSamvida vidhi-I
260 _aAllahabad
_bCentral Law Agency
_c1995
300 _a360 p.
942 _cBK
999 _c98220
_d98220